Hugh Grant Movies by Picture - Statistics

General Stats
  • This quiz has been taken 543 times
  • The average score is 7 of 16
Answer Stats
Picture Answer % Correct
Notting Hill
88%
Paddington 2
87%
Bridget Jones’s Diary
81%
Four Weddings and a Funeral
80%
Love Actually
76%
About a Boy
63%
Wonka
52%
Sense and Sensibility
50%
Heretic
29%
Music and Lyrics
26%
Two Weeks Notice
26%
Nine Months
23%
Florence Foster Jenkins
16%
Mickey Blue Eyes
15%
Dungeons & Dragons: Honor Among Thieves
13%
Maurice
8%
No matching quizzes found
Score Distribution
Percent of People with Each Score
Percentile by Number Answered
Your Score History
You have not taken this quiz